000 00440nam a2200157 i 4500
001 22393
003 ES-MaACL
005 20230906152704.0
007 t|
008 021202s1982 sp ||||1| spa d
100 1 _aAldiss, Brian W.
_919645
245 1 0 _aInvernáculo /
_cBrian W. Aldiss ; [traducción de: Matilde Horne].
260 _a[S.l.] :
_bMinotauro,
_c[1982]
300 _a352 p. ;
_c19 cm.
852 _aES-MaACL
_jL-2911
_bR.103878
999 _c22393
_d22393